000
00253nam a22001097a 4500
082
_a
669 ENE'G
100
_a
GOVT OF PAKISTAN
_9
11105
245
_a
ENERGY YEAR BOOK - 1984
260
_a
ISLAMABAD
_b
GOVT OF PAKISTAN
_c
1984
300
_a
107P
942
_c
BK
999
_c
576792
_d
576792